| 000 | 00697njm a2200265 c 4500 | ||
|---|---|---|---|
| 003 | BLK | ||
| 005 | 20240827164113.0 | ||
| 008 | 180410b bul||n||s|||||||| n|bulo| | ||
| 010 | _aCDD00002961000 | ||
| 040 | _aBLK | ||
| 041 |
_aBUL _cDRU |
||
| 100 | 1 |
_aMozart, Leopold _919238 |
|
| 139 |
_aMozart, Leopold _bM 91 |
||
| 245 | 1 | 0 |
_aDer Mensch, ein Gottesmorder [аудио CD] _cLeopold Mozart. |
| 257 | _aBGR | ||
| 260 |
_аMilano _c2007 |
||
| 380 | _a7 | ||
| 590 | _aS.N: 83051 от КНИГИ | ||
| 852 |
_aЦб CD 1699 _p0 |
||
| 856 | 4 |
_qpdf _u |
|
| 856 | 4 |
_qpdf _u |
|
| 942 |
_cCDD _n0 |
||
| 944 |
_aCR _c10.04.2008 _k30545 _lНора Радева |
||
| 944 |
_aED _c10.04.2008 _k |
||
| 999 |
_c220496 _d220496 |
||